| 000 | 00658nam a22002177a 4500 | ||
|---|---|---|---|
| 999 |
_c5097 _d5097 |
||
| 005 | 20251104111614.0 | ||
| 008 | 250612b ||||| |||| 00| 0 eng d | ||
| 020 | _a9781474938181 | ||
| 040 | _cKH8 | ||
| 082 | _a759 CUL | ||
| 100 |
_aCULLIS,MEGAN _eAUTHOR |
||
| 245 | _aFAMOUS PAINTINGS | ||
| 260 |
_a83-85 SAFFRON HILL,LONDON,EC1N 8RT,ENGLAND _bUSBORNE PUBLISHING LTD _c2018 |
||
| 300 |
_a31 PAGES _bCOLOUR ILLUSTRATION _c22 cm x 27 cm |
||
| 500 | _aFROM da Vinci's Mona Lisa to Dega's Blue Dancers | ||
| 521 | _aAges 10-12 years old | ||
| 650 | _aJuvenile Art Literature | ||
| 655 | _aArt | ||
| 700 |
_aBeech,Mark _eIllustrator |
||
| 942 |
_2ddc _cNFIC |
||